|
|
|
|
| LEADER |
00000nas1a2200000 4500 |
| 001 |
578465 |
| 005 |
20231102022002.0 |
| 011 |
|
|
|a 2073-2600
|
| 035 |
|
|
|a (RuTPU)RU\TPU\prd\278048
|
| 035 |
|
|
|a RU\TPU\prd\208
|
| 090 |
|
|
|a 578465
|
| 100 |
|
|
|a 20180622a19749999k y0rusy50 ca
|
| 101 |
0 |
|
|a rus
|
| 102 |
|
|
|a RU
|
| 110 |
|
|
|a afad|||0uu0
|
| 200 |
1 |
|
|a Вопросы защиты информации
|e научно-практический журнал
|
| 210 |
|
|
|a Москва
|c Компас
|d 2016-2017
|
| 305 |
|
|
|a Издается с 1974 г.
|
| 326 |
|
|
|a 4 номера в год
|
| 333 |
|
|
|a Режим доступа: по договору с организацией-держателем ресурса
|
| 606 |
|
|
|a Защита информации
|x Вычислительная техника
|2 stltpush
|3 (RuTPU)RU\TPU\subj\74425
|9 86711
|
| 610 |
1 |
|
|a доступ
|
| 610 |
1 |
|
|a безопасность
|
| 610 |
1 |
|
|a управление
|
| 610 |
1 |
|
|a техническая защита
|
| 610 |
1 |
|
|a автоматизированные системы
|
| 610 |
1 |
|
|a службы безопасности
|
| 610 |
1 |
|
|a электронный ресурс
|
| 675 |
|
|
|a 004.056.5
|v 3
|
| 801 |
|
2 |
|a RU
|b 63413507
|c 20180622
|g RCR
|
| 856 |
4 |
|
|u http://izdat.ntckompas.ru/editions/about/list.php?SECTION_ID=155&mname=politics
|
| 856 |
4 |
|
|u https://elibrary.ru/title_about.asp?id=8588
|
| 942 |
|
|
|c CR
|